[Event "70th NED-ch"]
[Site "Amsterdam NED"]
[Date "2014.07.06"]
[Round "1"]
[White "Ernst, Sipke"]
[Black "Bok, Benjamin"]
[Result "1-0"]
[WhiteElo "2554"]
[BlackElo "2586"]
[EventDate "2014.07.06"]
[PlyCount "91"]

1.Nf3 Nf6 2.c4 c5 3.d4 cxd4 4.Nxd4 g6 5.Nc3 d5 6.cxd5 Nxd5 7.Ndb5 Nxc3 8.
Qxd8+ Kxd8 9.Nxc3 Bg7 10.Bd2 Be6 11.g3 Nc6 12.Bg2 Rc8 13.O-O Ke8 14.Rac1 
f5 15.Be3 Kf7 16.Rfd1 a6 17.Bb6 Ne5 18.Bd4 b5 19.Bb7 Rb8 20.Bxa6 b4 21.Nb5
Bxa2 22.f4 Ng4 23.Nd6+ Kf8 24.Rc8+ Rxc8 25.Nxc8 Be6 26.Bxg7+ Kxg7 27.Nxe7 
Ra8 28.Rd6 Bf7 29.Nc8 b3 30.Rb6 Ne3 31.Nd6 Bd5 32.h3 Ra7 33.g4 fxg4 34.
hxg4 Re7 35.g5 Nd1 36.f5 gxf5 37.Nxf5+ Kf8 38.Nxe7 Kxe7 39.Bd3 Nxb2 40.
Bxh7 Na4 41.Rb4 Nc5 42.Bf5 Kd6 43.Kf2 Ke5 44.Rb5 Na4 45.Bd3 Nc3 46.Rb6 1-0

[Event "70th NED-ch"]
[Site "Amsterdam NED"]
[Date "2014.07.06"]
[Round "1"]
[White "Spoelman, Wouter"]
[Black "l`Ami, Erwin"]
[Result "1-0"]
[WhiteElo "2571"]
[BlackElo "2650"]
[EventDate "2014.07.06"]
[PlyCount "81"]

1.d4 Nf6 2.c4 e6 3.Nc3 Bb4 4.Qc2 O-O 5.e4 d5 6.e5 Ne4 7.Bd3 c5 8.Nf3 cxd4 
9.Nxd4 Nd7 10.Bf4 Qh4 11.g3 Qh5 12.O-O Bxc3 13.bxc3 g5 14.cxd5 gxf4 15.
dxe6 Nxe5 16.Bxe4 Bxe6 17.Rfe1 Rad8 18.Qd2 fxg3 19.hxg3 Bd5 20.Qf4 Ng6 21.
Qf6 Bxe4 22.Rxe4 Rd5 23.Rb1 b6 24.a4 Qg5 25.Qxg5 Rxg5 26.Rb5 Rxb5 27.axb5 
Ra8 28.f4 Kf8 29.Nc6 Re8 30.Ra4 Re3 31.Kf2 Rxc3 32.Rxa7 Rc5 33.Nd4 Ne7 34.
Rb7 Rc4 35.Ke3 Rc3+ 36.Ke4 Rc1 37.Rxb6 Re1+ 38.Kf3 Rd1 39.Rd6 Rb1 40.g4 
Kg7 41.g5 1-0

[Event "70th NED-ch"]
[Site "Amsterdam NED"]
[Date "2014.07.06"]
[Round "1"]
[White "Tiviakov, Sergei"]
[Black "Reinderman, Dimitri"]
[Result "1/2-1/2"]
[WhiteElo "2656"]
[BlackElo "2604"]
[EventDate "2014.07.06"]
[PlyCount "63"]

1.e4 c5 2.Nc3 Nc6 3.Bb5 Nd4 4.Nf3 e6 5.O-O a6 6.Bd3 Nxf3+ 7.Qxf3 Qc7 8.b3 
Bd6 9.Qh3 Ne7 10.Ne2 Ng6 11.Bb2 Be5 12.Bxe5 Nxe5 13.f4 Nxd3 14.Qxd3 b6 15.
f5 Bb7 16.Qg3 Qxg3 17.Nxg3 g6 18.fxe6 dxe6 19.e5 Rd8 20.d3 Ke7 21.Rae1 Rd5
22.Rf4 h5 23.Nf1 g5 24.Rf2 g4 25.Nd2 b5 26.Nb1 Rg8 27.Nc3 Rdd8 28.Rf4 Rg5 
29.Ref1 Rf8 30.Re1 Rd8 31.Ref1 Rf8 32.Re1 1/2-1/2

[Event "70th NED-ch"]
[Site "Amsterdam NED"]
[Date "2014.07.06"]
[Round "1"]
[White "Van Wely, Loek"]
[Black "Van Kampen, Robin"]
[Result "1-0"]
[WhiteElo "2657"]
[BlackElo "2636"]
[EventDate "2014.07.06"]
[PlyCount "51"]

1.c4 Nf6 2.Nf3 e6 3.Nc3 d5 4.d4 Nbd7 5.cxd5 exd5 6.Bf4 c6 7.Qc2 Nh5 8.Bd2 
Nhf6 9.e3 Bd6 10.Bd3 O-O 11.g4 Nxg4 12.Bxh7+ Kh8 13.Rg1 f5 14.Bg6 Qf6 15.
h3 Nh6 16.O-O-O Rg8 17.Ne2 Nf8 18.Ne5 Bxe5 19.dxe5 Qxe5 20.Bc3 Qe4 21.Qd2 
Bd7 22.Nf4 Be8 23.f3 Qxf3 24.e4 d4 25.Bxd4 Rd8 26.Ne6 1-0

[Event "70th NED-ch"]
[Site "Amsterdam NED"]
[Date "2014.07.07"]
[Round "2"]
[White "l`Ami, Erwin"]
[Black "Ernst, Sipke"]
[Result "1/2-1/2"]
[WhiteElo "2650"]
[BlackElo "2554"]
[EventDate "2014.07.06"]
[PlyCount "82"]

1.d4 d5 2.c4 c6 3.Nf3 Nf6 4.Nc3 dxc4 5.a4 e6 6.e3 c5 7.Bxc4 Nc6 8.O-O Be7 
9.Qe2 cxd4 10.exd4 O-O 11.Rd1 Nb4 12.Bg5 h6 13.Bxf6 Bxf6 14.Ne5 Qc7 15.f4 
b6 16.Ne4 Be7 17.Rac1 Qd8 18.Rc3 Bb7 19.Rg3 Bh4 20.Rh3 Rc8 21.b3 Rc7 22.
Nc3 Bf6 23.Nb5 Nd5 24.Qg4 Bxe5 25.dxe5 Rd7 26.Nd6 Rxd6 27.exd6 f5 28.Qg3 
Kh7 29.Bxd5 Bxd5 30.Qf2 Qxd6 31.Rc3 Rf7 32.h3 g5 33.fxg5 hxg5 34.Qd4 Kg6 
35.b4 Rh7 36.Rc8 Qg3 37.Rd2 Qe1+ 38.Kh2 Rxh3+ 39.Kxh3 g4+ 40.Kh2 Qh4+ 41.
Kg1 Qe1+ 1/2-1/2

[Event "70th NED-ch"]
[Site "Amsterdam NED"]
[Date "2014.07.07"]
[Round "2"]
[White "Reinderman, Dimitri"]
[Black "Spoelman, Wouter"]
[Result "0-1"]
[WhiteElo "2604"]
[BlackElo "2571"]
[EventDate "2014.07.06"]
[PlyCount "108"]

1.c4 e5 2.Nc3 Nf6 3.Nf3 Nc6 4.e3 Bb4 5.Qc2 Bxc3 6.Qxc3 Qe7 7.a3 d5 8.d4 
exd4 9.Nxd4 Nxd4 10.Qxd4 c5 11.Qh4 dxc4 12.Bxc4 a6 13.f3 Nd7 14.Qxe7+ Kxe7
15.Bd2 Ne5 16.Bd5 Rd8 17.e4 Be6 18.Bxb7 Ra7 19.Bd5 Bxd5 20.exd5 Nd3+ 21.
Ke2 Nxb2 22.Bc3 Nc4 23.Rhd1 Rad7 24.Bxg7 Rg8 25.Kd3 Nb6 26.Be5 Rxg2 27.d6+
Ke6 28.Bg3 Nc8 29.Rab1 Kd5 30.Rb8 Nxd6 31.Kc3+ Kc6 32.Bxd6 Rxd6 33.Rxd6+ 
Kxd6 34.Rb6+ Ke5 35.Rxa6 Rxh2 36.Rc6 h5 37.Rxc5+ Kf4 38.a4 f5 39.a5 h4 40.
Rc4+ Kg3 41.Ra4 Re2 42.a6 h3 43.a7 h2 44.a8=Q h1=Q 45.Qb8+ Kg2 46.Qf4 Qb1 
47.Kd4 Qb2+ 48.Kc5 Re5+ 49.Kd6 Qb8+ 50.Kc6 Qb5+ 51.Kc7 Re7+ 52.Kd6 Rd7+ 
53.Ke6 Qc6+ 54.Ke5 Rd5# 0-1

[Event "70th NED-ch"]
[Site "Amsterdam NED"]
[Date "2014.07.07"]
[Round "2"]
[White "Van Kampen, Robin"]
[Black "Bok, Benjamin"]
[Result "1/2-1/2"]
[WhiteElo "2636"]
[BlackElo "2586"]
[EventDate "2014.07.06"]
[PlyCount "113"]

1.d4 Nf6 2.c4 g6 3.f3 d5 4.cxd5 Nxd5 5.e4 Nb6 6.Nc3 Bg7 7.Be3 O-O 8.Qd2 e5
9.d5 c6 10.Rd1 cxd5 11.exd5 N8d7 12.Nh3 Nf6 13.Nf2 Bd7 14.Be2 Rc8 15.O-O 
Nc4 16.Bxc4 Rxc4 17.Bxa7 b6 18.Qe3 Rc5 19.d6 Rc6 20.Nd3 Rxd6 21.Nxe5 Be6 
22.Nc6 Qc7 23.Rxd6 Qxd6 24.Qxb6 Nd5 25.Qc5 Qxc5+ 26.Bxc5 Nxc3 27.Bxf8 Ne2+
28.Kf2 Kxf8 29.Kxe2 Bc4+ 30.Kf2 Bxf1 31.Kxf1 Bxb2 32.Ke2 Ke8 33.Kd3 Kd7 
34.Nb4 Be5 35.h3 Bc7 36.a4 Kd6 37.Kd4 h5 38.Nd3 Bb6+ 39.Kc4 Bc7 40.Kd4 
Bb6+ 41.Kc4 Bc7 42.Nc1 Bd8 43.Ne2 Bc7 44.Kb5 Kd5 45.h4 Bb8 46.Kb6 Kd6 47.
Kb7 Bc7 48.Nd4 Bd8 49.g3 Ba5 50.Nc6 Be1 51.a5 Bxg3 52.a6 Bf2 53.f4 f6 54.
Na5 Kd5 55.Nc6 Kd6 56.Na5 Kd5 57.Nc6 1/2-1/2

[Event "70th NED-ch"]
[Site "Amsterdam NED"]
[Date "2014.07.07"]
[Round "2"]
[White "Van Wely, Loek"]
[Black "Tiviakov, Sergei"]
[Result "1/2-1/2"]
[WhiteElo "2657"]
[BlackElo "2656"]
[EventDate "2014.07.06"]
[PlyCount "45"]

1.d4 Nf6 2.c4 e6 3.Nc3 Bb4 4.Qc2 O-O 5.a3 Bxc3+ 6.Qxc3 d6 7.Nf3 b6 8.e3 
Bb7 9.Be2 Nbd7 10.O-O Ne4 11.Qc2 f5 12.b4 Rf6 13.Bb2 Rg6 14.Rad1 Qe7 15.d5
c5 16.g3 Rf8 17.Ne1 Ng5 18.Ng2 Rh6 19.f3 Nh3+ 20.Kh1 Qg5 21.f4 Nf2+ 22.Kg1
Nh3+ 23.Kh1 1/2-1/2

[Event "70th NED-ch"]
[Site "Amsterdam NED"]
[Date "2014.07.08"]
[Round "3"]
[White "Bok, Benjamin"]
[Black "l`Ami, Erwin"]
[Result "1/2-1/2"]
[WhiteElo "2586"]
[BlackElo "2650"]
[EventDate "2014.07.06"]
[PlyCount "105"]

1.e4 e5 2.Nf3 Nc6 3.Bb5 Nf6 4.O-O Nxe4 5.d4 Nd6 6.dxe5 Nxb5 7.a4 Nbd4 8.
Nxd4 Nxd4 9.Qxd4 d5 10.exd6 Qxd6 11.Qe3+ Be6 12.Nc3 a6 13.Rd1 Qc6 14.Rd3 
Be7 15.Nb5 O-O 16.Nd4 Qd5 17.Bd2 c5 18.Nxe6 Qxe6 19.Qxe6 fxe6 20.Bc3 Rad8 
21.Re3 Bf6 22.Rae1 Rfe8 23.Kf1 Kf7 24.Rh3 Rh8 25.Bxf6 gxf6 26.Rb3 Rd7 27.
Rb6 Re8 28.Re3 Ree7 29.Ke2 h5 30.Rd3 h4 31.Rbd6 Rxd6 32.Rxd6 Kg6 33.Rd8 
Rc7 34.Kd3 Kf5 35.a5 Rg7 36.g3 hxg3 37.hxg3 Rg4 38.Rc8 Rd4+ 39.Ke3 Re4+ 
40.Kf3 c4 41.Rc5+ e5 42.Rc7 Rd4 43.Rxb7 c3 44.b4 Rd2 45.Rb6 Rxc2 46.Rxa6 
Rb2 47.Rc6 Rxb4 48.Rxc3 Ra4 49.Rc5 Ra3+ 50.Kg2 Ra2 51.Kf3 Ra3+ 52.Kg2 Ra2 
53.Kf3 1/2-1/2

[Event "70th NED-ch"]
[Site "Amsterdam NED"]
[Date "2014.07.08"]
[Round "3"]
[White "Ernst, Sipke"]
[Black "Reinderman, Dimitri"]
[Result "1/2-1/2"]
[WhiteElo "2554"]
[BlackElo "2604"]
[EventDate "2014.07.06"]
[PlyCount "107"]

1.d4 e6 2.Nf3 c5 3.e3 Nf6 4.c4 d5 5.a3 a6 6.dxc5 Bxc5 7.b4 Ba7 8.Bb2 Nc6 
9.Be2 O-O 10.Nbd2 Qe7 11.O-O Rd8 12.Qc2 Bd7 13.Rac1 Be8 14.Rfd1 Rac8 15.
Qb1 e5 16.cxd5 Nxd5 17.Bd3 g6 18.Bc4 Nb6 19.Bb3 Bd7 20.Qa1 Bb8 21.Ne4 Bg4 
22.Rxd8+ Rxd8 23.Rxc6 bxc6 24.Nxe5 Bxe5 25.Bxe5 Nd5 26.Bh8 f5 27.Bf6 Qxe4 
28.Bxd8 f4 29.exf4 Be6 30.Bg5 Nxf4 31.Bxe6+ Nxe6 32.Be3 h5 33.h3 Kf7 34.
Qf1 Nc7 35.Qc1 Ke6 36.Qc5 Nb5 37.a4 Nd6 38.f3 Qd5 39.Qc2 Kf7 40.Bc5 Nb7 
41.a5 Nxc5 42.bxc5 Qd4+ 43.Kf1 Qa1+ 44.Kf2 Qd4+ 45.Ke2 Qe5+ 46.Kd2 Qd4+ 
47.Ke2 Qe5+ 48.Kd2 Qd4+ 49.Qd3 Qb2+ 50.Kd1 Qa1+ 51.Ke2 Qb2+ 52.Kd1 Qa1+ 
53.Ke2 Qb2+ 54.Kd1 1/2-1/2

[Event "70th NED-ch"]
[Site "Amsterdam NED"]
[Date "2014.07.08"]
[Round "3"]
[White "Spoelman, Wouter"]
[Black "Van Wely, Loek"]
[Result "1/2-1/2"]
[WhiteElo "2571"]
[BlackElo "2657"]
[EventDate "2014.07.06"]
[PlyCount "154"]

1.c4 g6 2.Nf3 Bg7 3.g3 c5 4.d4 cxd4 5.Nxd4 Nc6 6.Nc2 d6 7.Bg2 Be6 8.Ne3 
Qd7 9.Nc3 Bxc3+ 10.bxc3 Rc8 11.Nd5 Bh3 12.O-O Bxg2 13.Kxg2 Ne5 14.f4 Nxc4 
15.Qd4 f6 16.e4 b6 17.a4 Kf7 18.Ra2 e6 19.Ne3 Nxe3+ 20.Qxe3 Ne7 21.a5 b5 
22.Ba3 Rhd8 23.Rd1 Qc6 24.Rad2 Qxc3 25.Rd3 Qxa5 26.Bxd6 Rc2+ 27.Kh3 Qa2 
28.R1d2 Rxd2 29.Rxd2 Qa6 30.Bb4 Rxd2 31.Qxd2 Qb7 32.Qd8 a5 33.Qxa5 Nc6 34.
Qa3 Nxb4 35.Qxb4 h5 36.Kh4 f5 37.Qb2 fxe4 38.Kg5 Qd5+ 39.Kh6 Qf5 40.Qc2 
Qf6 41.Qxe4 g5+ 42.Kxh5 gxf4 43.Qb7+ Kf8 44.Qb8+ Kg7 45.gxf4 Qf5+ 46.Kh4 
Qc5 47.Kg4 b4 48.Qb7+ Kf6 49.Qb8 Ke7 50.Qb7+ Kf6 51.Qb8 Qg1+ 52.Kh3 Qe3+ 
53.Kg4 Qe2+ 54.Kh3 Qd3+ 55.Kg4 Qd1+ 56.Kg3 Qd3+ 57.Kg4 Qe2+ 58.Kh3 Qf3+ 
59.Kh4 b3 60.Qf8+ Kg6 61.f5+ Qxf5 62.Qg8+ Kf6 63.Qf8+ Ke5 64.Qc5+ Kf4 65.
Qc1+ Kf3 66.Qc3+ Kg2 67.Qg3+ Kf1 68.Qxb3 e5 69.Qd1+ Kf2 70.Qd2+ Kf3 71.
Qd1+ Kf2 72.Qd2+ Kf3 73.Qd1+ Kg2 74.Qg4+ Qxg4+ 75.Kxg4 e4 76.Kf4 e3 77.
Kxe3 Kxh2 1/2-1/2

[Event "70th NED-ch"]
[Site "Amsterdam NED"]
[Date "2014.07.08"]
[Round "3"]
[White "Tiviakov, Sergei"]
[Black "Van Kampen, Robin"]
[Result "1/2-1/2"]
[WhiteElo "2656"]
[BlackElo "2636"]
[EventDate "2014.07.06"]
[PlyCount "115"]

1.e4 c5 2.Nc3 Nc6 3.Nge2 d6 4.d4 cxd4 5.Nxd4 e6 6.Be3 Nf6 7.f3 Be7 8.Qd2 
O-O 9.g4 a6 10.O-O-O Nxd4 11.Bxd4 b5 12.g5 Nd7 13.h4 Bb7 14.Bd3 b4 15.Ne2 
a5 16.Kb1 Ne5 17.f4 Nf3 18.Qe3 Nxd4 19.Nxd4 Qb6 20.Nf5 Qxe3 21.Nxe3 Rac8 
22.f5 Rc5 23.Rhf1 Re8 24.Ng4 Bf8 25.Rf4 Rd8 26.Re1 Re8 27.Ref1 exf5 28.
exf5 Bg2 29.Rg1 d5 30.Nf6+ gxf6 31.gxf6 Kh8 32.Rg4 Bd6 33.R4xg2 Be5 34.Re2
d4 35.Rge1 Rg8 36.Bc4 Bxf6 37.Bxf7 Rf8 38.Be6 Bxh4 39.Rg1 Bf6 40.Reg2 h5 
41.Rg6 Kh7 42.Bg8+ Rxg8 43.Rxg8 Rxf5 44.a3 bxa3 45.bxa3 h4 46.Ka2 a4 47.
Rf8 Rf2 48.Kb1 h3 49.Rh1 Kg7 50.Rxf6 Kxf6 51.Rxh3 Ke5 52.Rh5+ Rf5 53.Rh8 
Rf1+ 54.Kb2 Rf2 55.Re8+ Kd5 56.Ra8 Kc5 57.Ra5+ Kb6 58.Rxa4 1/2-1/2

[Event "70th NED-ch"]
[Site "Amsterdam NED"]
[Date "2014.07.09"]
[Round "4"]
[White "Reinderman, Dimitri"]
[Black "Bok, Benjamin"]
[Result "1/2-1/2"]
[WhiteElo "2604"]
[BlackElo "2586"]
[EventDate "2014.07.06"]
[PlyCount "58"]

1.Nf3 d5 2.c4 e6 3.d4 Nf6 4.Bg5 Nbd7 5.cxd5 exd5 6.e3 h6 7.Bf4 Nh5 8.Be5 
Nhf6 9.Nc3 c6 10.Bd3 Be7 11.Bg3 Nh5 12.O-O Nxg3 13.hxg3 O-O 14.Rb1 Bd6 15.
b4 a6 16.a4 Nf6 17.b5 axb5 18.axb5 c5 19.dxc5 Bxc5 20.Bc2 Be6 21.Bb3 Qe7 
22.Qd3 Rad8 23.Rfd1 g6 24.Nd4 Bg4 25.Rdc1 h5 26.Nce2 Bb6 27.Nf4 Rfe8 28.
Re1 Kg7 29.Rbc1 Qe5 1/2-1/2

[Event "70th NED-ch"]
[Site "Amsterdam NED"]
[Date "2014.07.09"]
[Round "4"]
[White "Tiviakov, Sergei"]
[Black "Spoelman, Wouter"]
[Result "1-0"]
[WhiteElo "2656"]
[BlackElo "2571"]
[EventDate "2014.07.06"]
[PlyCount "101"]

1.e4 c5 2.Nf3 Nc6 3.Bb5 d6 4.O-O Bd7 5.Re1 Nf6 6.c3 a6 7.Ba4 b5 8.Bc2 Bg4 
9.h3 Bxf3 10.Qxf3 g6 11.d3 Bg7 12.Be3 O-O 13.Nd2 Nd7 14.Rac1 Rc8 15.a3 a5 
16.a4 b4 17.Bb3 e6 18.Qe2 Re8 19.Bc4 Qc7 20.Nb3 Rb8 21.d4 bxc3 22.bxc3 Nb6
23.Bb5 c4 24.Bxc4 Nxa4 25.Bb5 Nb6 26.Ra1 a4 27.Nd2 Rec8 28.Bxa4 Nxa4 29.
Rxa4 d5 30.exd5 exd5 31.Qf3 Qd7 32.Rea1 Re8 33.Bf4 Rbc8 34.Nf1 Qe6 35.Ra6 
Qe4 36.Qxe4 dxe4 37.Ne3 Ne7 38.R1a3 h6 39.h4 Red8 40.g4 Bf8 41.Rb3 Bg7 42.
Kg2 Rd7 43.Rab6 h5 44.Rb7 Rxb7 45.Rxb7 Nc6 46.gxh5 gxh5 47.Nf5 Bf6 48.Nh6+
Kg7 49.Nxf7 Kg6 50.Nd6 Nd8 51.Rd7 1-0

[Event "70th NED-ch"]
[Site "Amsterdam NED"]
[Date "2014.07.09"]
[Round "4"]
[White "Van Kampen, Robin"]
[Black "l`Ami, Erwin"]
[Result "1/2-1/2"]
[WhiteElo "2636"]
[BlackElo "2650"]
[EventDate "2014.07.06"]
[PlyCount "67"]

1.c4 e5 2.Nc3 Nc6 3.Nf3 f5 4.g3 Nf6 5.d4 e4 6.Nh4 g6 7.Bg5 Bg7 8.e3 Ne7 9.
Ng2 d6 10.Nf4 O-O 11.h4 h6 12.Bxf6 Bxf6 13.Qb3 c6 14.O-O-O h5 15.Be2 Kh7 
16.f3 exf3 17.Bxf3 a6 18.Rhe1 b5 19.e4 bxc4 20.Qxc4 fxe4 21.Nxe4 d5 22.
Nxf6+ Rxf6 23.Qc5 Nf5 24.Nh3 Qd6 25.Ng5+ Kg7 26.Re8 Qxc5+ 27.dxc5 Rf8 28.
Rde1 Ra7 29.Bd1 Rxe8 30.Rxe8 Bd7 31.Re1 Kf6 32.Nh7+ Kg7 33.Ng5 Kf6 34.Nh7+
1/2-1/2

[Event "70th NED-ch"]
[Site "Amsterdam NED"]
[Date "2014.07.09"]
[Round "4"]
[White "Van Wely, Loek"]
[Black "Ernst, Sipke"]
[Result "1/2-1/2"]
[WhiteElo "2657"]
[BlackElo "2554"]
[EventDate "2014.07.06"]
[PlyCount "28"]

1.Nf3 d5 2.g3 c6 3.Bg2 Bg4 4.c4 Nf6 5.Ne5 Be6 6.cxd5 Bxd5 7.Nf3 e5 8.O-O 
e4 9.Nd4 h5 10.Nc3 h4 11.Nxd5 Qxd5 12.e3 Nbd7 13.d3 hxg3 14.hxg3 Nc5 
1/2-1/2

[Event "70th NED-ch"]
[Site "Amsterdam NED"]
[Date "2014.07.11"]
[Round "5"]
[White "Bok, Benjamin"]
[Black "Van Wely, Loek"]
[Result "1-0"]
[WhiteElo "2586"]
[BlackElo "2657"]
[EventDate "2014.07.06"]
[PlyCount "97"]

1.e4 c5 2.Nf3 d6 3.d4 cxd4 4.Nxd4 Nf6 5.Nc3 a6 6.Be3 e5 7.Nf3 Be7 8.Bc4 
O-O 9.O-O Nc6 10.Re1 b5 11.Bf1 Rb8 12.Bg5 Ng4 13.Bc1 Nf6 14.Bg5 Ng4 15.Bc1
Nf6 16.a4 b4 17.Nd5 Nxd5 18.exd5 Na5 19.Bd2 f5 20.c3 b3 21.c4 Bf6 22.Bc3 
Qc7 23.c5 Qxc5 24.Rc1 Qb6 25.Qd2 Nb7 26.a5 Qd8 27.Bb4 g5 28.Qc3 g4 29.Nd2 
e4 30.Qxb3 Nc5 31.Qa3 Bd4 32.Bc3 Qf6 33.b4 Nd7 34.Bxd4 Qxd4 35.Nc4 Qf6 36.
Qg3 Rxb4 37.Nxd6 Rb8 38.Rc6 Qg7 39.Rc7 f4 40.Qh4 e3 41.Rec1 exf2+ 42.Kh1 
g3 43.Nxc8 Re8 44.Nb6 Re1 45.Nxd7 Rf8 46.hxg3 fxg3 47.d6 Re6 48.Nxf8 Qh6 
49.Rxh7 1-0

[Event "70th NED-ch"]
[Site "Amsterdam NED"]
[Date "2014.07.11"]
[Round "5"]
[White "l`Ami, Erwin"]
[Black "Reinderman, Dimitri"]
[Result "1/2-1/2"]
[WhiteElo "2650"]
[BlackElo "2604"]
[EventDate "2014.07.06"]
[PlyCount "59"]

1.d4 e6 2.c4 f5 3.g3 Nf6 4.Bg2 Be7 5.Nf3 O-O 6.O-O d6 7.Nc3 Ne4 8.Qc2 Nxc3
9.bxc3 Nc6 10.Rd1 Qe8 11.c5 dxc5 12.Bf4 Bd6 13.Ne5 Bxe5 14.dxe5 b6 15.e4 
Bb7 16.exf5 exf5 17.e6 Na5 18.Bxb7 Nxb7 19.Qe2 Rf6 20.e7 Qc6 21.Re1 Re8 
22.Qc4+ Kh8 23.Rad1 Nd6 24.Bxd6 cxd6 25.Re6 Rxe6 26.Qxe6 Qe4 27.Qxe4 fxe4 
28.Rxd6 Kg8 29.Rd7 Kf7 30.Rxa7 1/2-1/2

[Event "70th NED-ch"]
[Site "Amsterdam NED"]
[Date "2014.07.11"]
[Round "5"]
[White "Spoelman, Wouter"]
[Black "Van Kampen, Robin"]
[Result "1/2-1/2"]
[WhiteElo "2571"]
[BlackElo "2636"]
[EventDate "2014.07.06"]
[PlyCount "37"]

1.e4 c5 2.Nf3 Nc6 3.d4 cxd4 4.Nxd4 e6 5.Nc3 Qc7 6.Be3 a6 7.Be2 b5 8.Nxc6 
Qxc6 9.e5 Bb7 10.Bf3 Qc7 11.Bxb7 Qxb7 12.O-O Rc8 13.Qd3 f5 14.exf6 Nxf6 
15.a3 Be7 16.Rfe1 O-O 17.Bd4 Nd5 18.Nxd5 Qxd5 19.Rad1 1/2-1/2

[Event "70th NED-ch"]
[Site "Amsterdam NED"]
[Date "2014.07.12"]
[Round "6"]
[White "Spoelman, Wouter"]
[Black "Ernst, Sipke"]
[Result "1-0"]
[WhiteElo "2571"]
[BlackElo "2554"]
[EventDate "2014.07.06"]
[PlyCount "73"]

1.d4 d5 2.c4 c6 3.Nc3 Nf6 4.e3 Bf5 5.Nf3 e6 6.Nh4 Be4 7.f3 Bg6 8.Qb3 Qc7 
9.Bd2 Be7 10.Nxg6 hxg6 11.O-O-O Nbd7 12.Kb1 dxc4 13.Bxc4 Nb6 14.g3 a5 15.
Be2 a4 16.Qc2 a3 17.b3 Nbd5 18.e4 Nb4 19.Qc1 O-O 20.g4 Nd7 21.h4 e5 22.h5 
gxh5 23.Rxh5 g6 24.Rh6 exd4 25.Rdh1 Bf6 26.g5 Bg7 27.Rh7 Qe5 28.f4 Qc5 29.
Qe1 dxc3 30.Rxg7+ Kxg7 31.Bxc3+ f6 32.Bc4 Nd5 33.exd5 cxd5 34.gxf6+ Rxf6 
35.Qe6 Rd8 36.Bxd5 b5 37.Bxf6+ 1-0

[Event "70th NED-ch"]
[Site "Amsterdam NED"]
[Date "2014.07.12"]
[Round "6"]
[White "Tiviakov, Sergei"]
[Black "Bok, Benjamin"]
[Result "1-0"]
[WhiteElo "2656"]
[BlackElo "2586"]
[EventDate "2014.07.06"]
[PlyCount "77"]

1.e4 e5 2.Nf3 Nc6 3.Bb5 Nf6 4.d3 Bc5 5.c3 O-O 6.O-O d6 7.Nbd2 Ne7 8.d4 
exd4 9.cxd4 Bb6 10.Re1 Bg4 11.h3 Bh5 12.Qb3 a6 13.Bf1 d5 14.e5 Nd7 15.Qe3 
Re8 16.b4 Nc6 17.Qc3 Nf8 18.g4 Bg6 19.Nb3 Ne6 20.Be3 f5 21.Rad1 fxg4 22.
hxg4 Rf8 23.Bg2 h5 24.Nh2 hxg4 25.Nc5 Bxc5 26.bxc5 Ne7 27.Qb3 Rb8 28.Bc1 
Bh5 29.Nf1 c6 30.Ng3 Be8 31.Re4 Bg6 32.Rxg4 Bf5 33.Nxf5 Nxf5 34.Qh3 Qe7 
35.Rd3 Rf7 36.Qh5 g5 37.Bxg5 Nxg5 38.Rxg5+ Ng7 39.Rh3 1-0

[Event "70th NED-ch"]
[Site "Amsterdam NED"]
[Date "2014.07.12"]
[Round "6"]
[White "Van Kampen, Robin"]
[Black "Reinderman, Dimitri"]
[Result "1-0"]
[WhiteElo "2636"]
[BlackElo "2604"]
[EventDate "2014.07.06"]
[PlyCount "77"]

1.e4 e6 2.d4 d5 3.Nc3 dxe4 4.Nxe4 Nd7 5.Nf3 Ngf6 6.Nxf6+ Nxf6 7.Be3 Be7 8.
Bd3 O-O 9.Qe2 a6 10.Ne5 Qd5 11.c4 Qa5+ 12.Bd2 Bb4 13.O-O-O Bxd2+ 14.Rxd2 
b5 15.c5 Qxa2 16.Bb1 Qd5 17.f3 Nd7 18.Be4 Qa2 19.Rhd1 Rb8 20.Nc6 b4 21.Bb1
Qa4 22.Nxb8 Nxb8 23.Qc4 g6 24.Qa2 Qb5 25.Bd3 Qb7 26.Bc4 Bd7 27.d5 exd5 28.
Rxd5 Qc8 29.R5d2 Bb5 30.Bxf7+ Kg7 31.Bc4 Qe8 32.Re2 Qc6 33.Bxb5 Qxb5 34.
Re7+ Kh6 35.Qd5 Rf5 36.Qd2+ g5 37.Re6+ Kg7 38.Qd4+ Kf7 39.Re5 1-0

[Event "70th NED-ch"]
[Site "Amsterdam NED"]
[Date "2014.07.12"]
[Round "6"]
[White "Van Wely, Loek"]
[Black "l`Ami, Erwin"]
[Result "1-0"]
[WhiteElo "2657"]
[BlackElo "2650"]
[EventDate "2014.07.06"]
[PlyCount "27"]

1.Nf3 f5 2.d3 Nc6 3.e4 e5 4.g3 Nf6 5.Bg2 fxe4 6.dxe4 Bc5 7.Nc3 O-O 8.O-O 
a6 9.Nd5 Nxe4 10.Qe2 Nxf2 11.Qc4 Ba7 12.Bg5 b5 13.Ne7+ Kh8 14.Ng6+ 1-0

[Event "70th NED-ch"]
[Site "Amsterdam NED"]
[Date "2014.07.13"]
[Round "7"]
[White "Bok, Benjamin"]
[Black "Spoelman, Wouter"]
[Result "1-0"]
[WhiteElo "2586"]
[BlackElo "2571"]
[EventDate "2014.07.06"]
[PlyCount "61"]

1.e4 c5 2.Nf3 e6 3.d4 cxd4 4.Nxd4 Nc6 5.Nc3 Qc7 6.Be2 Nf6 7.Be3 Be7 8.f4 
d6 9.Qd2 a6 10.O-O-O Na5 11.g4 b5 12.g5 Nd7 13.Nf5 exf5 14.Nd5 Qd8 15.exf5
Bb7 16.Nxe7 Qxe7 17.Rhe1 O-O 18.Bg1 Qd8 19.Qxd6 Bc6 20.f6 Re8 21.Bg4 Rxe1 
22.Rxe1 Rc8 23.Re7 Nc4 24.Qe6 Qf8 25.fxg7 Qxg7 26.Bd4 Nf8 27.Qxc4 Bd7 28.
Qd3 Qg6 29.Qxg6+ hxg6 30.Bxd7 Rd8 31.Re8 1-0

[Event "70th NED-ch"]
[Site "Amsterdam NED"]
[Date "2014.07.13"]
[Round "7"]
[White "Ernst, Sipke"]
[Black "Van Kampen, Robin"]
[Result "1/2-1/2"]
[WhiteElo "2554"]
[BlackElo "2636"]
[EventDate "2014.07.06"]
[PlyCount "108"]

1.Nf3 Nf6 2.c4 g6 3.Nc3 Bg7 4.e4 d6 5.d4 O-O 6.Be2 e5 7.O-O Nc6 8.dxe5 
dxe5 9.Bg5 Nd4 10.Nxe5 Ne6 11.Bh4 Qxd1 12.Raxd1 Nxe4 13.Nxe4 Bxe5 14.Be7 
Nd4 15.Bd3 f5 16.Nc3 Rf7 17.Ba3 Bd7 18.Nd5 c6 19.Rfe1 Re8 20.f4 Bg7 21.
Rxe8+ Bxe8 22.Ne7+ Kh8 23.Nc8 Rc7 24.Nd6 Bf7 25.Re1 Kg8 26.Ne8 Bxe8 27.
Rxe8+ Kf7 28.Re1 Rd7 29.Rd1 a5 30.b3 b6 31.Bc1 c5 32.Be3 Nc6 33.Be2 Bd4 
34.Kf1 Ra7 35.Bf3 Bxe3 36.Bxc6 Bxf4 37.g3 Be5 38.Rd7+ Rxd7 39.Bxd7 Kf6 40.
Kf2 Bb2 41.Kf3 Ke5 42.g4 f4 43.h4 Bc3 44.Be8 Be1 45.h5 gxh5 46.Bxh5 h6 47.
Be8 Bd2 48.a4 Kd4 49.Bb5 Kc3 50.Ke2 Be3 51.Kf3 Kxb3 52.Ke2 Kc3 53.Kf3 Kd3 
54.Ba6 Kd4 1/2-1/2

[Event "70th NED-ch"]
[Site "Amsterdam NED"]
[Date "2014.07.13"]
[Round "7"]
[White "l`Ami, Erwin"]
[Black "Tiviakov, Sergei"]
[Result "0-1"]
[WhiteElo "2650"]
[BlackElo "2656"]
[EventDate "2014.07.06"]
[PlyCount "146"]

1.d4 Nf6 2.c4 e6 3.Nf3 b6 4.g3 Bb7 5.Bg2 Be7 6.O-O c6 7.Nc3 d5 8.e4 dxc4 
9.a4 a6 10.e5 Nd5 11.Nd2 b5 12.Qg4 O-O 13.Nde4 Kh8 14.Bg5 Nd7 15.Bxe7 Qxe7
16.Nd6 N7b6 17.a5 Nxc3 18.bxc3 Nd5 19.Ne4 Rae8 20.Qe2 f5 21.exf6 gxf6 22.
Qd2 Bc8 23.Rfe1 e5 24.dxe5 fxe5 25.Qh6 Be6 26.h4 Rg8 27.Qd2 Bf5 28.Ng5 Rg7
29.Rad1 Bd3 30.Kh1 h6 31.Ne4 Kh7 32.Bf1 Nf4 33.Qe3 Nd5 34.Qd2 Bxf1 35.Rxf1
Rf8 36.f3 Rfg8 37.Rg1 Qf7 38.Qe2 Qf5 39.Kh2 Kh8 40.Rde1 Rg6 41.Rd1 Rf8 42.
Rdf1 Rg7 43.Qd2 Qh5 44.Rg2 Nf4 45.Qd6 Rfg8 46.Qf6 Nd5 47.Qxc6 Ne3 48.Rff2 
Nxg2 49.Rxg2 Qg6 50.Qc5 Qf5 51.Qe3 Rg6 52.Rd2 Rf8 53.Kg2 Qf4 54.Qxf4 exf4 
55.g4 b4 56.cxb4 Rc6 57.Nc3 Rb8 58.Rd7 Rxb4 59.g5 hxg5 60.hxg5 Rb5 61.Nxb5
axb5 62.a6 Rxa6 63.Rc7 Ra3 64.Kh3 c3 65.Kg4 b4 66.Kh5 Ra8 67.Kh6 Rb8 68.g6
b3 69.Rh7+ Kg8 70.Rg7+ Kf8 71.Kh7 Rb5 72.Rf7+ Ke8 73.Rf8+ Ke7 0-1

[Event "70th NED-ch"]
[Site "Amsterdam NED"]
[Date "2014.07.13"]
[Round "7"]
[White "Reinderman, Dimitri"]
[Black "Van Wely, Loek"]
[Result "0-1"]
[WhiteElo "2604"]
[BlackElo "2657"]
[EventDate "2014.07.06"]
[PlyCount "78"]

1.c4 c6 2.Nf3 d5 3.d4 Nf6 4.Qc2 dxc4 5.Qxc4 Bg4 6.Nc3 Nbd7 7.e4 Bxf3 8.
gxf3 e5 9.Be3 exd4 10.Bxd4 Bd6 11.O-O-O Qe7 12.Qb3 Nc5 13.Qc2 Bf4+ 14.Be3 
Bxe3+ 15.fxe3 O-O 16.Bg2 Rad8 17.Kb1 Rxd1+ 18.Rxd1 Rd8 19.Rxd8+ Qxd8 20.e5
Nfd7 21.Qd2 Qh4 22.f4 Qxh2 23.b4 Ne6 24.b5 Nb6 25.Qe2 Nd5 26.Nxd5 cxd5 27.
Kc2 g6 28.Qd2 Nc7 29.a4 h5 30.Qe2 h4 31.Qg4 Kg7 32.Kd3 Qg1 33.Ke2 d4 34.
Qh3 dxe3 35.f5 Qf2+ 36.Kd3 gxf5 37.Bf3 Ne6 38.Qxf5 Qd2+ 39.Kc4 Qc1+ 0-1